000 00757nam a22002297a 4500
003 OSt
005 20260310081043.0
008 260310b |||||||| |||| 00| 0 eng d
020 _a0-07-125509-5.
040 _aDWC-Main lib
_cOC
082 _24th ed.
_aCirc. 302.23 B225i 2006
100 _aBaran, Stanley J.
245 _aIntroduction to mass communication :
_bmedia literacy and culture/
_cStanley J. Baran
250 _a 4th ed.
260 _aN. Y. :
_bMcGraw-Hill,
_c c2006.
300 _axxxvi, various paging :
_bill. ;
_c26 cm.
504 _aIncludes bibliographical references and index.
650 _a1. Mass media and culture.
650 _a2. Mass media.
650 _a3. Media literacy.
942 _2ddc
_cBK-CIRC
_e 4th ed.
_kCirc.
_n0
999 _c8881
_d8881